000 00811nam a22002177a 4500
005 20100723162746.0
010 _aENG-96582
020 _a9788120337923
_c325.00
035 _aEN-80115
037 _bDBAD/PUB
082 _a658.403
100 _aSudalaimuthu, S
_91084
245 _aLogistics management for international business :
_btext and cases /
_cby S. Sudalaimuthu [and] S, Anthony Raj
260 _aNew Delhi
_bPHI Learning
_c2009
270 _aM-97, Connaught Circus
_bNew Delhi
_e110001
300 _axx, 384p.:
_c24cm (pbk)
_bill.
500 _aIncludes index
700 _aAnthony Raj, S.
_91085
942 _2ddc
_cEN
_h658.403
_mSUD
999 _c37460
_d37460